[Event "Novi Sad"]
[Site "Novi Sad"]
[Date "1984.??.??"]
[Round "?"]
[White "Kurajica, Bojan"]
[Black "Ivanovic, Bozidar"]
[Result "0-1"]
[WhiteElo "2495"]
[BlackElo "2525"]
[Annotator "ChessBase"]
[PlyCount "82"]
[EventDate "1984.10.??"]
[EventType "tourn"]
[EventRounds "11"]
[EventCountry "YUG"]
[EventCategory "12"]
[SourceTitle "MCL"]
[Source "ChessBase"]
[SourceDate "1999.07.01"]
[SourceVersion "1"]
[SourceVersionDate "1999.07.01"]
[SourceQuality "1"]

1. Nf3 Nf6 2. g3 d6 3. Bg2 e5 4. c4 c6 5. O-O Nbd7 6. d4 Be7 7. b3 O-O 8. Bb2
Qc7 9. Nc3 Re8 10. h3 Nf8 11. e4 (11. Qc2 Ng6 12. e3 Bd7 13. Rac1 Rad8 14. Qb1
Qa5 15. Rfd1 exd4 $1 $10 {Kortschnoj,V-Ivanovic,B/Titograd/1984/}) 11... Ng6
12. Rc1 Bd7 13. Kh2 h5 $5 $132 14. d5 h4 15. dxc6 $5 hxg3+ 16. fxg3 bxc6 17. c5
$5 (17. Qd3 {/\Nd1-e3-f5|^}) 17... dxc5 18. Qe2 Be6 19. Nd2 Rad8 20. Na4 Qa5
21. Nc4 Qa6 22. Rf2 Nd7 23. Bf1 $16 Qc8 24. Qe3 $6 (24. Qf3 $16) 24... Kh7 25.
Rd1 Rh8 $1 $36 26. Nd6 Bxd6 27. Rxd6 Kg8 28. Rxe6 $6 (28. Kg1 $1 $13) 28...
fxe6 29. Qg5 $2 $138 Rf8 $1 $17 30. Rf5 Qe8 $1 31. Bc4 Rh6 32. Kg2 Rf6 33. Rxf6
Nxf6 34. Qe3 (34. Nxc5 Nf4+ $1 $19) 34... Nh5 35. Nxc5 Nhf4+ $5 36. gxf4 Nxf4+
37. Kh2 Rxh3+ 38. Qxh3 Nxh3 39. Bxe6+ $2 (39. Nxe6 $142 $1 $13) 39... Kh8 40.
Bxh3 Qf8 41. Na4 Qf4+ 0-1

[Event "Montreal International"]
[Site "Montreal"]
[Date "1979.04.12"]
[Round "2"]
[White "Spassky, Boris Vasilievich"]
[Black "Kavalek, Lubomir"]
[Result "1-0"]
[WhiteElo "2640"]
[BlackElo "2590"]
[Annotator "ChessBase"]
[PlyCount "116"]
[EventDate "1979.04.11"]
[EventType "tourn"]
[EventRounds "18"]
[EventCountry "CAN"]
[EventCategory "15"]
[SourceTitle "MCL"]
[Source "ChessBase"]
[SourceDate "1999.07.01"]
[SourceVersion "1"]
[SourceVersionDate "1999.07.01"]
[SourceQuality "1"]

1. d4 Nf6 2. c4 d6 3. Nc3 Nbd7 4. e4 e5 5. d5 $5 (5. Nf3 {main line} Be7 6. Be2
O-O 7. O-O) 5... Be7 (5... Nc5 6. Qc2 a5 7. Be2 Be7 8. Nf3 O-O 9. Be3 b6 10. h3
Kh8 11. g4 Ng8 12. O-O-O g6 13. Rdg1 {Kuzmin,G-Liberzon,V/URS/1970/}) 6. Nf3
O-O 7. Be2 Nc5 8. Qc2 a5 9. Be3 b6 10. h3 h6 (10... Kh8 {Kuzmin-Liberzon -> 5..
.Nbd7}) 11. O-O-O Nh7 12. g4 Ng5 13. Nd2 Nh7 14. Nf3 Ng5 15. Ne1 $1 Nh7 16. Ng2
Bg5 {White cannot avoid this exchange.} 17. h4 Bxe3+ 18. Nxe3 g6 19. Rdf1 $16
Bd7 20. Kb1 Qe7 21. f3 Kg7 22. Rf2 Nf6 23. Qd2 Rae8 24. Bd1 Nh7 25. Bc2 $1 Rb8
26. Nb5 Rbc8 27. Rfh2 Rh8 28. Rg1 Rhf8 29. g5 {Finally White makes his
decision, how to break through.} h5 30. Nf5+ gxf5 31. exf5 Kh8 32. Rhg2 {/\g6}
(32. g6 fxg6 33. fxg6 Rxf3 34. gxh7 Bg4 $10) 32... e4 $5 {><e5} 33. fxe4 Qe5
34. g6 fxg6 35. fxg6 Rf4 36. gxh7 Bg4 $1 $16 37. a3 Rcf8 38. Qd4 R8f7 39. Qxe5+
dxe5 40. Nc3 Kxh7 41. Ka2 {White will win on the queenside.} Nd7 $6 (41... Kh6
$5 {Spassky}) (41... Rf2 $5) 42. Rd2 {/\d6} Rf2 43. Rg2 Rxg2 44. Rxg2 Nf8 45.
b4 axb4 46. axb4 Ng6 47. Rh2 $18 Kg7 48. c5 bxc5 49. bxc5 Kf8 50. Ba4 Rf6 51.
Kb3 Rf3 52. Kc4 Ke7 53. Rb2 Rf7 (53... Nxh4 54. d6+ $18 cxd6 55. Nd5+ Ke6 56.
Rb7 dxc5 57. Be8 Rf1 58. Rb6#) 54. d6+ cxd6 55. cxd6+ Kf8 (55... Kxd6 56. Rb6+
$18) 56. Rd2 Bd7 57. Bxd7 Rxd7 58. Kd5 Ke8 1-0

[Event "Novi Sad"]
[Site "Novi Sad"]
[Date "1984.??.??"]
[Round "?"]
[White "Cebalo, Miso"]
[Black "Ivanovic, Bozidar"]
[Result "1-0"]
[WhiteElo "2485"]
[BlackElo "2525"]
[Annotator "ChessBase"]
[PlyCount "81"]
[EventDate "1984.10.??"]
[EventType "tourn"]
[EventRounds "11"]
[EventCountry "YUG"]
[EventCategory "12"]
[SourceTitle "MCL"]
[Source "ChessBase"]
[SourceDate "1999.07.01"]
[SourceVersion "1"]
[SourceVersionDate "1999.07.01"]
[SourceQuality "1"]

1. d4 Nf6 2. c4 d6 3. Nf3 Nbd7 4. Nc3 c6 5. e4 e5 6. Be2 Be7 7. O-O O-O 8. Re1
a6 9. Bf1 Re8 10. h3 Qc7 $146 11. Rb1 (11. a3 $142 b5 12. b4 Bb7 13. Bb2 $14)
11... b5 12. a3 Bb7 13. b4 exd4 $5 (13... Bf8 14. dxe5 Nxe5 15. Nxe5 dxe5 16.
c5 Rad8 {/\Bc8=}) 14. Nxd4 Bf8 $13 15. Bf4 (15. Bb2 bxc4 (15... Ne5 $5) 16.
Bxc4 d5 17. exd5 Rxe1+ 18. Qxe1 cxd5 19. Ba2 Ne5 $36 {/\Nc4}) 15... Ne5 16. Nb3
$5 (16. cxb5 axb5 17. a4 $13) 16... Rac8 (16... Nxc4 17. Bxc4 bxc4 18. Na5 Rad8
19. Nxc4 $14) (16... Rad8 $5 $13) 17. Na5 Ba8 18. Rc1 Qb8 19. Qb3 Re6 20. a4 $1
bxa4 21. Qxa4 Rce8 {/\Ng6|^} 22. Be3 d5 $5 23. c5 $1 (23. exd5 cxd5 24. cxd5 (
24. c5 $2 d4 25. Bxd4 Nf3+ $19) 24... Nxd5 $15) (23. f4 Ng6 24. e5 d4 $1 $17)
23... Nxe4 (23... dxe4 $13) 24. Nxe4 dxe4 25. Red1 (25. Bxa6 Rg6 26. Kh1 Nd3
27. Bxd3 exd3 28. Rcd1 Qb5 $1 $132) 25... Rg6 26. Kh1 Qc8 (26... Nd3 $5 27.
Bxd3 exd3 28. Rxd3 Qb5 29. Qa3 $14 {ץa8}) 27. Nc4 $1 Nxc4 28. Rxc4 Bb7 29.
Rcd4 Rge6 30. Qa5 $16 R6e7 31. Rd8 Rxd8 (31... Qe6 32. Bxa6 $16) 32. Rxd8 Qe6
33. Bxa6 Bxa6 34. Qxa6 {/\Qa8} Re8 $8 35. Rxe8 Qxe8 36. Qb7 $18 h6 37. Bf4 $5 (
37. b5 cxb5 38. c6 Bd6 39. c7 Bxc7 40. Qxc7 $18) 37... g5 38. Bd6 e3 39. fxe3
Bxd6 (39... Kg7 40. Bxf8+ Kxf8 41. b5 cxb5 42. c6 Qxe3 43. c7 Qc1+ 44. Kh2 Qf4+
45. g3 Qd2+ 46. Qg2 Qc3 47. Qa8+ $18) 40. cxd6 Qxe3 41. Qb8+ $1 {/\d7} 1-0

[Event "HUN-ch op"]
[Site "Eger"]
[Date "1987.07.??"]
[Round "?"]
[White "Enders, Peter"]
[Black "Bojczuk, Zygmunt"]
[Result "1-0"]
[WhiteElo "2405"]
[BlackElo "2335"]
[Annotator "Enders,P"]
[PlyCount "59"]
[EventDate "1987.07.15"]
[EventType "swiss"]
[EventRounds "11"]
[EventCountry "HUN"]
[SourceTitle "EXT 2016"]
[Source "ChessBase"]
[SourceDate "2015.10.08"]
[SourceVersion "1"]
[SourceVersionDate "2015.10.08"]
[SourceQuality "1"]

{SCHACH 10/1987 Seite 17} 1. d4 Nf6 2. c4 d6 3. Nc3 Nbd7 4. Nf3 c6 5. e4 e5 6.
Be2 Be7 7. O-O O-O 8. a3 a6 9. Qc2 b5 10. Rd1 Qc7 11. b4 Bb7 12. Bb2 Rfe8 13.
Rac1 exd4 $2 ({Besser ist} 13... Rac8) ({oder} 13... Rad8 {mit der Idee Db8.
Schwarz hat dann eine etwas gedrückte, aber verteidigungsfähige Stellung.}) 14.
Rxd4 $1 (14. Nxd4 $2 Ne5 15. cxb5 cxb5 {und Schwarz besitzt eine recht gute
Position. Es droht bereits 16...Nxe4!}) 14... Rac8 15. cxb5 cxb5 16. Qb3 Qb8 ({
Aktiver war sicher} 16... Qb6) 17. Rcd1 h6 $6 (17... Ne5 18. Nd2 $1 Nc6 $6 ({
Besser wäre allerdings} 18... Bf8 19. Nd5 Nxd5 20. exd5 {mit weißen
Möglichkeiten am Königsflügel.}) 19. Rd3 Ne5 20. Rg3 Ng6 21. Bf3 $1 d5 22. Nxd5
Nxd5 23. exd5 Bd6 24. Ne4 $3 Bxg3 25. hxg3 Ne5 26. Bxe5 Rxe5 27. Nc5 {und
Schwarz hat kaum noch Chancen.}) 18. Nh4 $1 Bf8 (18... Nxe4 {scheitert an} 19.
Nxe4 Bxe4 20. Rxe4 Bxh4 21. Bh5 $3 {und Weiß gewinnt eine Figur.}) 19. Nf5 Nxe4
{Was sonst?} ({Auf} 19... d5 {folgt nicht etwa} 20. exd5 $4 ({sondern} 20. Ng3
$1 {mit Deckung des Be2. Schwarz hängt dann auf der d-Linie durch und muss den
Bauern d5 geben.}) 20... Rxc3 $1) 20. Nxe4 Bxe4 {[#]} 21. Rxe4 $3 Rxe4 22.
Nxh6+ gxh6 (22... Kh7 23. Bd3 Kxh6 24. Bxe4) 23. Qg3+ Kh7 24. Bd3 $1 d5 ({
Andere Züge:} 24... Rcc4 25. Qg4 $1 Qe8 26. f3 $1) (24... Qa8 25. Qf3 $1) (
24... Rce8 25. Qf3 $1) (24... f5 25. Qh3 $1 Re5 26. Bxe5 $1 Nxe5 27. Bxf5+ {
nebst Bxc8 - immer mit Sieg.}) 25. Qf3 $1 Ne5 (25... Kg8 26. Bxe4 dxe4 27. Qg4+
{usw.}) 26. Bxe4+ dxe4 27. Qf5+ $1 Kg8 (27... Ng6 28. Qxf7+ Bg7 29. Qxg7#) 28.
Bxe5 Qb7 29. Qf6 Kh7 30. g4 $1 {time} 1-0

[Event "HUN-ch op"]
[Site "Eger"]
[Date "1987.07.25"]
[Round "11"]
[White "Piesina, Gintautas"]
[Black "Espig, Lutz"]
[Result "0-1"]
[WhiteElo "2370"]
[BlackElo "2450"]
[Annotator "Espig,L"]
[PlyCount "76"]
[EventDate "1987.07.15"]
[EventType "swiss"]
[EventRounds "11"]
[EventCountry "HUN"]
[SourceTitle "EXT 1997"]
[Source "ChessBase"]
[SourceDate "1996.11.15"]
[SourceVersion "1"]
[SourceVersionDate "1996.11.15"]
[SourceQuality "1"]

{SCHACH 10/1987 Seite 16} 1. d4 Nf6 2. Nf3 d6 3. c4 Nbd7 4. Nc3 e5 5. e4 Be7 6.
Be2 O-O 7. O-O c6 8. Qc2 a6 9. Rd1 Qc7 10. Bg5 Re8 11. Rac1 h6 12. Bh4 Nh7 $1 {
Dieses Entlastungsmanöver wndte ich schon in meiner Partie gegen Chekhov,
Dresden 1985, an. Ergebnis: remis.} 13. Bxe7 (13. Bg3 Ng5) 13... Rxe7 14. b4
Nhf6 15. c5 $5 exd4 $5 (15... dxc5 16. d5 $6 ({aber} 16. dxc5 {sichert Weiß
das etwas bessere Spiel. Mit dem Textzug strebt Schwarz Komplikationen an.})
16... Re8 {ist unklar,}) 16. cxd6 Qxd6 17. Rxd4 Qb8 {Einziges Feld für die
Dame,} ({denn} 17... Qc7 18. Nd5 $1 {ergibt entscheidenden Vorteil für Weiß.})
18. Rcd1 {Optisch macht die schwarze Stellung keinen guten Eindruck, doch das
täuscht.} Nf8 $1 19. Rd6 (19. Rd8 N6d7) ({oder} 19. e5 N6d7) 19... Be6 20. Na4
Qc7 21. Nc5 Rae8 22. R6d2 Bc8 23. Rd4 Ne6 24. Nxe6 Bxe6 25. Ne1 Qb6 $1 26. a3
$2 {[#]Weiß, schon seit einigen Zügen ratlos und in Zeitnot, begeht den
entscheidenden Fehler.} ({Er mußte} 26. Kf1 {versuchen.}) 26... Bd5 $1 {
Schwarz gewinnt bei günstiger Stellung einen Bauern. Die Partie ist
entschieden.} 27. Bf3 (27. f3 Bxe4 $1) 27... Bxe4 28. Bxe4 Nxe4 29. Nf3 Ng5 $1
30. Qc3 Nxf3+ 31. gxf3 Re2 32. Kh1 Qb5 33. Rg4 g6 $1 {Genauer} ({als} 33... Qe5
{da Weiß im Turmendspiel noch Remischancen hätte.}) 34. Qf6 R2e6 35. Qc3 Qf5
36. Rdg1 Re2 37. Kg2 Rd8 38. Re1 $2 {Verliert sofort, doch helfen andere Züge
nicht mehr.} Rd3 0-1

[Event "Chigorin Memorial-15"]
[Site "Sochi"]
[Date "1981.08.??"]
[Round "5"]
[White "Polugaevsky, Lev"]
[Black "Espig, Lutz"]
[Result "1/2-1/2"]
[WhiteElo "2620"]
[BlackElo "2440"]
[Annotator "Espig,L"]
[PlyCount "64"]
[EventDate "1981.08.22"]
[EventType "tourn"]
[EventRounds "15"]
[EventCountry "URS"]
[EventCategory "9"]
[SourceTitle "EXT 2016"]
[Source "ChessBase"]
[SourceDate "2015.10.08"]
[SourceVersion "1"]
[SourceVersionDate "2015.10.08"]
[SourceQuality "1"]

{SCHACH 12/1981 Seite 548} 1. c4 Nf6 2. Nc3 d6 3. d4 Nbd7 4. e4 e5 5. Nf3 Be7 {
Hier überlegte Polugajewski unverständlicherweis eine halbe Stunde.} 6. g3 ({
Eine andere Möglichkeit ist} 6. Be2) 6... O-O 7. Bg2 c6 8. O-O a6 9. Qe2 {
Für diesen Zug verbrauchte Weiß wieder 40 Minuten Bedenkzeit.} Qc7 10. b3 b5
11. Bb2 Bb7 $1 ({Im Budapester Tungsramturnier 1975 spielte ich hier gegen
Polugajewski} 11... bxc4 $2 12. Qxc4 $1 a5 13. dxe5 $1 {in entscheidenden
Nachteil. Vermutlich hatte Polugajewski versucht, sich an diese Partie zu
erinnern.}) 12. Rac1 Rfe8 $1 13. a3 ({Es hatte wieder 20 Minuten Zeit gekostet,
zu prüfen, dass nach} 13. cxb5 axb5 {weder A:} 14. Nxb5 ({noch B:} 14. Nd5 Qa5
15. Nxe7+ Rxe7 16. a3 b4 $1) 14... Qb8 $1 {nebst La6 etwas einbringt.}) 13...
bxc4 $1 {Jetzt spielbar.} 14. dxe5 Nxe5 15. Nxe5 dxe5 16. Qxc4 a5 {Die Drohung
La6 zwingt Weiß zu forciertem Spiel.} 17. Nd5 Nxd5 18. exd5 Ba6 {[#]Für einen
Augenblick glaubte ich, in Vorteil zu kommen.} 19. Qxc6 Qxc6 20. dxc6 Bxf1 21.
Bxf1 $1 ({Hätte Weiß mit dem König geschlagen} 21. Kxf1 {so käme jetzt} Rac8
22. c7 Bd6 23. Rc6 Rxc7 $1 24. Rxd6 Rc2 25. Bxe5 Rc1+ {nebst Txe5+. Jetzt aber
droht Txc6}) 21... Bd6 22. c7 $1 Kf8 $8 23. Bh3 Rec8 24. Bxc8 Rxc8 25. Kg2 ({
Auch} 25. Rc6 Ke7 26. Ra6 Rxc7 27. Rxa5 f6 $1 {bringt nichts ein.}) 25... Rxc7
26. Rxc7 Bxc7 27. g4 f6 28. Bc3 Ke7 29. a4 g6 30. b4 axb4 31. Bxb4+ Kd7 32. h3
Kc6 1/2-1/2

[Event "Copenhagen Open-03 (Politiken Cup-02)"]
[Site "Copenhagen"]
[Date "1981.06.25"]
[Round "6"]
[White "Velikov, Petar"]
[Black "Mortensen, Erling"]
[Result "1-0"]
[WhiteElo "2445"]
[BlackElo "2375"]
[Annotator "Ftacnik,L"]
[PlyCount "77"]
[EventDate "1981.06.20"]
[EventType "swiss"]
[EventRounds "10"]
[EventCountry "DEN"]
[SourceTitle "EXT 2000"]
[Source "ChessBase"]
[SourceDate "1999.11.16"]
[SourceVersion "1"]
[SourceVersionDate "1999.11.16"]
[SourceQuality "1"]

1. c4 e5 2. Nc3 Nf6 3. Nf3 d6 4. d4 Nbd7 5. e4 c6 6. Be2 Be7 7. O-O a6 8. Qc2 (
8. a4 a5 $1) 8... Qc7 9. a3 O-O 10. Rd1 b5 11. b4 (11. cxb5 cxb5 12. d5 Nb6 13.
b3 Bd7) 11... Bb7 12. dxe5 Nxe5 $5 (12... dxe5 13. c5 {/\ Nd2-b3-a5}) 13. Nxe5
dxe5 14. Be3 a5 15. Rab1 (15. cxb5 $2 axb4) 15... axb4 16. axb4 bxc4 17. Bxc4
Ng4 (17... Ba6 18. Bxa6 Rxa6 19. Nd5 Nxd5 20. exd5 Rc8 21. dxc6 Rxc6 22. Qf5
$16) 18. Bc1 Nf6 19. h3 Rfd8 20. Be3 Ba6 (20... Rxd1+ 21. Qxd1 c5 $2 (21... Rd8
$5 22. Qc2 {/\ Na4-c5}) 22. bxc5 Nxe4 23. Nd5) 21. Bxa6 Rxa6 22. Nd5 $1 Qb7 (
22... Nxd5 23. exd5 $16) 23. Nxe7+ Qxe7 24. Rxd8+ Qxd8 25. Rd1 Qa8 (25... Qe7
26. b5 $1) 26. Qc3 $1 Qe8 (26... Nxe4 27. Qxe5 Nf6 28. Bg5) 27. Bg5 $1 Rb6 (
27... Nxe4 28. Qc4) 28. Bxf6 gxf6 29. Rd6 Qe7 30. Qd3 Rb8 (30... Rxb4 31. Rd8+
Kg7 32. Qg3+ Kh6 33. Rg8 $16) 31. Rxc6 Qxb4 32. Qg3+ $1 (32. Rxf6 Qb1+ 33. Qxb1
Rxb1+ 34. Kh2 Kg7) 32... Kf8 33. Qh4 f5 (33... Qe1+ 34. Kh2 Rb1 35. Qxf6) 34.
Qxh7 Qxe4 35. Qh8+ Ke7 36. Qxb8 $4 (36. Rc7+) 36... Qxc6 37. Qxe5+ Qe6 (37...
Kf8 38. Qxf5) 38. Qxe6+ fxe6 39. f4 1-0

[Event "Interpolis-02"]
[Site "Tilburg"]
[Date "1978.09.12"]
[Round "9"]
[White "Sosonko, Gennadi"]
[Black "Larsen, Bent"]
[Result "1/2-1/2"]
[WhiteElo "2575"]
[BlackElo "2620"]
[Annotator "Ftacnik,L"]
[PlyCount "120"]
[EventDate "1978.09.01"]
[EventType "tourn"]
[EventRounds "11"]
[EventCountry "NED"]
[EventCategory "14"]
[SourceTitle "MCL"]
[Source "ChessBase"]
[SourceDate "1999.07.01"]
[SourceVersion "1"]
[SourceVersionDate "1999.07.01"]
[SourceQuality "1"]

1. d4 Nf6 2. c4 d6 3. Nc3 Nbd7 4. Nf3 e5 5. e4 Be7 6. Be2 O-O 7. O-O c6 8. Re1
(8. Be3 a6 9. Qc2 Qc7 10. b4 $1 Re8 11. Rfd1 exd4 12. Nxd4 Bf8 13. Nf5 $14 {
() Uhlmann-Espig, DDR (ch) 1978n}) (8. Rb1) 8... a6 9. Bf1 (9. a4 a5 10. b3 Re8
11. Bb2 exd4 12. Nxd4 Nc5 13. Qc2 Bf8 14. Bf3 Ng4 $1 $15 {Stark-Espig, DDR (ch)
1978}) 9... b5 10. h3 (10. a3 $5) (10. b3) 10... b4 11. Na4 c5 12. d5 (12. dxc5
$2 dxc5 13. b3 Bb7 $15) 12... Ne8 13. a3 a5 14. b3 g6 15. Bh6 Ng7 16. Qd2 Nf6 {
(/\ Kh8,Ng8,f5)} (16... f5 $5 17. Ng5 Bxg5 18. Bxg5 Nf6 $10) 17. Nb2 Bd7 18.
Nd3 {(/\ 19.Ndxe5 dxe5 20.d6 Bc6 21.dxe7 Qxe7 22.Qb2)} (18. Nxe5 $2 dxe5 19. d6
Bc6 20. dxe7 Qxe7 21. f3 Rfd8 {/\ Ne6-/+}) 18... Qc7 19. Ng5 $1 $16 Rae8 (19...
Kh8 20. axb4 axb4 21. Rxa8 Rxa8 22. Nxf7+) (19... Rab8 $5) 20. f4 exf4 21. Nxf4
Rb8 (21... Kh8 22. Qb2) 22. Nd3 Nfe8 23. axb4 axb4 24. Qf2 $6 (24. e5 $1 dxe5 (
24... Bf5 25. Nf3 dxe5 26. Ndxe5 Nd6 27. Bf4) 25. Nxe5 Nd6 26. Nexf7 $1) 24...
f6 25. Nf3 $14 Qb7 26. Ra2 Nc7 27. Rea1 Ra8 28. g4 Rxa2 29. Rxa2 Ra8 30. Qb2
Nge8 31. Be3 Bf8 32. Qa1 Rxa2 33. Qxa2 g5 $4 (33... Qa6 $14 {()_|_}) 34. e5 $1
$18 fxe5 35. Nxg5 Nf6 36. Bg2 Be8 (36... Nce8 $142) 37. Ne4 $2 $138 (37. Nxe5
dxe5 38. d6 Qa6) (37. Qf2 Bg7 (37... Nd7 38. Be4 $18) (37... Bg7 38. Nxe5 dxe5
39. d6) 38. Nxc5 dxc5 39. d6 $18) 37... Nxe4 38. Bxe4 Ne6 $1 $10 39. Qf2 Nd4
40. Bxd4 exd4 41. Qf5 Qf7 42. Qg5+ Kh8 43. Kg2 Be7 44. Qh6 Bf8 45. Qg5 Qe7 $1
46. Qxe7 Bxe7 47. Kg3 h5 48. Kf4 hxg4 49. hxg4 Kg7 50. g5 Bh5 51. Nf2 Kf7 52.
Bd3 Bf8 53. Kf5 Bg7 54. Be4 Be5 55. Bd3 Bh2 56. Ne4 Bd1 $2 57. g6+ Kg7 58. Nf6
(58. Ke6 $2 Bg4+ 59. Ke7 Bf5 60. Nxc5 Kxg6 61. Bxf5+ Kxf5 62. Nd3 Ke4 63. Nxb4
d3 64. Nxd3 Kxd3 $19) 58... Be5 59. Nd7 Bg3 60. Nf6 Be5 (60... Be5 61. Ne8+ Kf8
(61... Kg8 62. Ke6 $18) 62. g7+ Kf7 (62... Bxg7 63. Nxg7 Kxg7 64. Ke6 Bxb3 65.
Kxd6 Bd1 66. Ke7 $18) 63. g8=Q+ Kxg8 64. Ke6 Bxb3 65. Nxd6 Bf4 66. Ne4 Bd1 (
66... Ba2 67. Nxc5 b3 68. Na4 $18) 67. Nxc5 b3 (67... Bg4+ 68. Bf5 $18) 68. Na4
b2 (68... Bg4+ 69. Bf5) 69. c5 $16) 1/2-1/2

[Event "Interpolis-03"]
[Site "Tilburg"]
[Date "1979.11.03"]
[Round "3"]
[White "Hort, Vlastimil"]
[Black "Larsen, Bent"]
[Result "0-1"]
[WhiteElo "2600"]
[BlackElo "2620"]
[Annotator "Ftacnik,L"]
[PlyCount "122"]
[EventDate "1979.11.01"]
[EventType "tourn"]
[EventRounds "11"]
[EventCountry "NED"]
[EventCategory "15"]
[SourceTitle "MCL"]
[Source "ChessBase"]
[SourceDate "1999.07.01"]
[SourceVersion "1"]
[SourceVersionDate "1999.07.01"]
[SourceQuality "1"]

1. d4 Nf6 2. c4 d6 3. Nc3 e5 4. Nf3 Nbd7 5. e4 Be7 6. Be2 O-O 7. O-O c6 8. Re1
(8. Rb1) (8. Be3) (8. a3 a6 9. b4 b5 $13) 8... a6 9. d5 (9. h3 $5) (9. Bf1)
9... cxd5 10. cxd5 b5 11. Bf1 Nb6 12. a3 Bd7 13. b3 Qb8 $13 14. Bd2 Ne8 {
/\g6,f5} 15. Bd3 Qb7 16. Be3 g6 17. a4 b4 18. Ne2 a5 19. Bh6 Ng7 20. Ng3 Rfc8
21. Rc1 Rxc1 22. Qxc1 Rc8 23. Qb1 Bd8 24. Nd2 Ne8 $1 25. Ngf1 {/\Se3-c4+/-} Nf6
26. Ne3 (26. h3 Nh5 $13) 26... Ng4 27. Nxg4 Bxg4 28. Be3 (28. Rc1 g5 $5 $17)
28... Bd7 29. Rc1 Rc3 30. Nf1 (30. Rxc3 $6 bxc3 31. Nc4 Nxc4 32. Bxc4 Bb6 $17)
30... Rxc1 31. Qxc1 $14 Nc8 (31... f5 $6 32. exf5 gxf5 33. Bg5 $1 $16) 32. Nd2
f5 $1 (32... Bb6 33. Nc4 Bxe3 34. Qxe3 $16) 33. g3 Nb6 34. f3 fxe4 35. fxe4 h5
36. Kg2 $6 $138 (36. Nf3 $142 $1 $16 {/\Ng5-e6}) 36... h4 37. gxh4 Bxh4 38. Nf3
Bd8 39. Bg5 $2 (39. Ng5 $1 $16 {/\Df1, Se6}) 39... Qc7 $1 40. Qe3 $2 (40. Qxc7
$142 Bxc7 $10) 40... Bg4 $1 41. Bxd8 $6 (41. Nh4 $6 Bh5 $1 $15) (41. Nd2 $5 $13
) 41... Bxf3+ $1 $15 42. Kxf3 Qxd8 43. Bb5 $8 Nc8 44. Ke2 $1 Kg7 45. Ba6 Nb6
46. Bb5 Qc7 47. Bc6 Nc8 48. h4 Ne7 49. Kd3 $2 (49. Qg5 $1 Ng8 (49... Nxc6 50.
dxc6 Qxc6 51. Qe7+ $10) 50. h5 Qf7 51. Qxg6+ Qxg6 52. hxg6 Nf6 53. Kd3 Kxg6 54.
Kc4 $1 Nxe4 55. Kb5 $16) 49... Qc8 $1 $19 (49... Nxc6 $2 50. Qc1 $13) 50. Qa7 (
50. Qg5 Qh3+ 51. Ke2 Kf7 $1 $19) 50... Qh3+ 51. Kd2 (51. Kc4 Qf1#) 51... Qxh4
52. Kd3 Qh3+ 53. Ke2 Qg4+ 54. Kf2 Qf4+ 55. Kg1 Qc1+ 56. Kh2 Qc2+ $1 57. Kg3 (
57. Kg1 Qc5+ $1 $19) 57... Qxb3+ 58. Kh4 g5+ 59. Kg4 (59. Kxg5 Qg3+ 60. Kh5 Kf6
$19) 59... Qd1+ 60. Kxg5 Qd2+ 61. Kg4 Qg2+ (61... Qg2+ 62. Kh4 Kf6 {/\Ng6,Qg5#}
) 0-1